Prolegómenos a una lógica de los sistemas cognitivos para el derecho

Furkejuvvon:
Bibliográfalaš dieđut
Váldodahkkit: Marrero Avendaño, Danny (autor), Niño, Douglas (Dahkki), Gómez, Carlos Andrés (Dahkki)
Materiálatiipa: Girji
Giella:espánnjágiella
Almmustuhtton: Bogotá Universidad de Bogotá Jorge Tadeo Lozano 2009
Ráidu:Resultados de Investigación 2, 4
Fáttát:
Fáddágilkorat: Lasit fáddágilkoriid
Eai fáddágilkorat, Lasit vuosttaš fáddágilkora!

MARC

LEADER 00000nam a2200000 a 4500
001 UCH7355
003 CL-VaPUC
008 091112e20090000CK |||||||||||||||||spa|d
082 0 4 |a 340.11  |b MAR  |2 21 
100 |a Marrero Avendaño, Danny  |e autor  |9 543798 
700 0 |a Niño, Douglas  |e author  |9 543799 
700 0 |a Gómez, Carlos Andrés  |e author  |9 543800 
245 1 0 |a Prolegómenos a una lógica de los sistemas cognitivos para el derecho 
300 |a 29 p 
942 |c BK 
945 |d 20091112 00:00:00  |a rbrito 
260 |a Bogotá  |b Universidad de Bogotá Jorge Tadeo Lozano  |c 2009 
650 0 |a Filosofía del derecho   |9 255050 
650 0 |a Lógica jurídica   |9 255966 
583 |a last modification  |c 20091112 00:00:00  |k Rodrigo Vera 
490 0 |a Resultados de Investigación 2, 4 
999 |c 338001  |d 337999 
952 |0 0  |1 0  |2 ddc  |4 0  |6 340_110000000000000_MAR_2009  |7 0  |8 A  |9 430775  |a BIBDER  |b BIBDER  |d 2019-11-22  |i 4616863  |o 340.11 MAR 2009  |p 4616863  |r 2023-01-25  |w 2019-11-22  |y MX  |k DER